<?xml version="1.0" encoding="UTF-8"?>
<record
    xmlns:xsi="http://www.w3.org/2001/XMLSchema-instance"
    xsi:schemaLocation="http://www.loc.gov/MARC21/slim http://www.loc.gov/standards/marcxml/schema/MARC21slim.xsd"
    xmlns="http://www.loc.gov/MARC21/slim">

  <leader>03647nam a22004097a 4500</leader>
  <controlfield tag="003">OSt</controlfield>
  <controlfield tag="005">20220321135114.0</controlfield>
  <controlfield tag="007">ta</controlfield>
  <controlfield tag="008">210113e        dr ad||er ||| 001 0 spa d</controlfield>
  <datafield tag="020" ind1=" " ind2=" ">
    <subfield code="a">9789945908985</subfield>
  </datafield>
  <datafield tag="040" ind1=" " ind2=" ">
    <subfield code="a">DO-SdBNP</subfield>
    <subfield code="b">spa</subfield>
    <subfield code="c">BNPHU</subfield>
  </datafield>
  <datafield tag="041" ind1=" " ind2=" ">
    <subfield code="h">spa</subfield>
  </datafield>
  <datafield tag="082" ind1=" " ind2="4">
    <subfield code="a">379.7293</subfield>
    <subfield code="b">E24e</subfield>
    <subfield code="2">22</subfield>
  </datafield>
  <datafield tag="245" ind1=" " ind2=" ">
    <subfield code="a">La educaci&#xF3;n dominicana al 2021 :</subfield>
    <subfield code="b">reflexiones , planteamientos y experiencias. /</subfield>
    <subfield code="c">Catalina And&#xFA;jar y Minerva Vincent , coordinaci&#xF3;n ; Denis Pineda , edici&#xF3;n ; Orlando Isaac  y Santiago Rivera , dise&#xF1;o y diagramaci&#xF3;n</subfield>
  </datafield>
  <datafield tag="260" ind1=" " ind2=" ">
    <subfield code="a">Santo Domingo :</subfield>
    <subfield code="b">OIE ,</subfield>
    <subfield code="c">[ &#xBF;2000...?]</subfield>
  </datafield>
  <datafield tag="300" ind1=" " ind2=" ">
    <subfield code="a">331 p. ;</subfield>
    <subfield code="c">26 cm.</subfield>
  </datafield>
  <datafield tag="504" ind1=" " ind2=" ">
    <subfield code="a">Bibliograf&#xED;a : p. 317-331</subfield>
  </datafield>
  <datafield tag="505" ind1="0" ind2=" ">
    <subfield code="a">Pre&#xE1;mbulo.</subfield>
  </datafield>
  <datafield tag="505" ind1="0" ind2=" ">
    <subfield code="a">Introducci&#xF3;n.</subfield>
  </datafield>
  <datafield tag="505" ind1="0" ind2=" ">
    <subfield code="a">Primera parte : </subfield>
    <subfield code="t">Reflexiones y planteamientos conceptuales :</subfield>
  </datafield>
  <datafield tag="505" ind1="0" ind2=" ">
    <subfield code="a">1. De los grandes retos de la educaci&#xF3;n dominicana: calidad y equidad.</subfield>
    <subfield code="t">Calidad y equidad de la educaci&#xF3;n dominicana: Ancell Scheker.
notas sobre desigualdad social y la educaci&#xF3;n dominicana: Cheila Valera Acosta.
por un pa&#xED;s mejor para todos  y todas: Jorge Celda.
por un nuevo modelo en la alfabetizaci&#xF3;n y educaci&#xF3;n permanente de personas j&#xF3;venes y adultas en Rep&#xFA;blica Dominicana: Ivelisse Prats de P&#xE9;rez.

</subfield>
  </datafield>
  <datafield tag="505" ind1="0" ind2=" ">
    <subfield code="t">Equidad, igualdad e inclusi&#xF3;n a trav&#xE9;s del modelo educativo: Luisa Navarro.
acci&#xF3;n educativa intercultural y las nuevas bases del curriculum dominicano: Pablo Mella Febles.
psicoafectividad y calidad educativa: Josefina Zaiter y Roc&#xED;o Hern&#xE1;ndez Mella.
reflexiones de la educaci&#xF3;n inicial en el mundo posmoderno. &#xBF;cu&#xE1;ndo jugar&#xE1;n los ni&#xF1;os?
el desempe&#xF1;o docente ne matem&#xE1;tica: Leandra Tapia y Nurys gonz&#xE1;lez Dur&#xE1;n.</subfield>
  </datafield>
  <datafield tag="505" ind1="0" ind2=" ">
    <subfield code="a">2. De la profesi&#xF3;n docente :</subfield>
    <subfield code="t">Formaci&#xF3;n docente: un reto para la transformaci&#xF3;n de los esquemas mentales o representacionales: Julio Valeir&#xF3;n.
formaci&#xF3;n continua y desarrollo profesional docente e Rep&#xFA;blica Dominicana: avances y desaf&#xED;o: Aida Consuelo Hern&#xE1;ndez.
influencias internacionales expl&#xED;citas e impl&#xED;citas en la &#xE9;tica docente del sector p&#xFA;blico de la Rep&#xFA;blica Dominicana: Eduardo Villanueva.
</subfield>
  </datafield>
  <datafield tag="505" ind1="0" ind2=" ">
    <subfield code="a">3. De la educaci&#xF3;n superior :</subfield>
    <subfield code="t">Reflexiones sobre aseguramiento de la calidad y acreditaci&#xF3;n en Rep&#xFA;blica Dominicana : Odile Camilo.
la internacionalizaci&#xF3;n de la formaci&#xF3;n como estrategia para la pertinencia y la calidad educativa en el siglo XXI: Luz I. Madera Soriano.
</subfield>
  </datafield>
  <datafield tag="505" ind1="0" ind2=" ">
    <subfield code="a">Segunda parte : lo que aportan las experiencias:</subfield>
    <subfield code="t">La introducci&#xF3;n del profesorado principiante en Rep&#xFA;blica Dominicana. la experiencia del programa inductivo: Altagracia L&#xF3;pez Ferreiras. el milagro de consuelo: estudio de caso de un modelo de educaci&#xF3;n para la ciudadan&#xED;a e clave human&#xED;stica: Leonor Elm&#xFA;desi Espaillat. leo, escucho osbservo, siento, y entonces escribo: metodolog&#xED;a integrada para la ense&#xF1;anza -aprendizaje de la literatura y las artes en la educaci&#xF3;n secundaria : Mar&#xED;a Amalia Le&#xF3;n Cabral. l&#xED;deres cuentacuentos: experiencia de promoci&#xF3;n de lectura desde la participaci&#xF3;n estudiantil: Berenice Pacheco- Salazar.</subfield>
  </datafield>
  <datafield tag="505" ind1="0" ind2=" ">
    <subfield code="a">De los autores.</subfield>
  </datafield>
  <datafield tag="505" ind1="0" ind2=" ">
    <subfield code="a">Bibliograf&#xED;a.</subfield>
  </datafield>
  <datafield tag="590" ind1=" " ind2=" ">
    <subfield code="a">Inventariado, 2021 /MFF</subfield>
  </datafield>
  <datafield tag="700" ind1="1" ind2="2">
    <subfield code="a">And&#xFA;jar, Catalina, </subfield>
    <subfield code="e">coordinaci&#xF3;n.</subfield>
    <subfield code="9">37830</subfield>
  </datafield>
  <datafield tag="700" ind1="1" ind2="2">
    <subfield code="a">Vincent ,  Minerva , </subfield>
    <subfield code="e">coordinaci&#xF3;n.</subfield>
    <subfield code="9">37433</subfield>
  </datafield>
  <datafield tag="700" ind1="1" ind2="2">
    <subfield code="a">Pineda, Denis,</subfield>
    <subfield code="e">edici&#xF3;n</subfield>
    <subfield code="9">77679</subfield>
  </datafield>
  <datafield tag="700" ind1="1" ind2="2">
    <subfield code="a">Isaac,Orlando,</subfield>
    <subfield code="e"> dise&#xF1;o y diagramaci&#xF3;n</subfield>
    <subfield code="9">77680</subfield>
  </datafield>
  <datafield tag="700" ind1="1" ind2="2">
    <subfield code="a">Rivera, Santiago,</subfield>
    <subfield code="e">dise&#xF1;o y diagramaci&#xF3;n</subfield>
    <subfield code="9">77681</subfield>
  </datafield>
  <datafield tag="710" ind1="2" ind2=" ">
    <subfield code="a">Organizaci&#xF3;n de Estados Iberoamericanos para la Educaci&#xF3;n, la Ciencia y la Cultura</subfield>
    <subfield code="9">29137</subfield>
  </datafield>
  <datafield tag="910" ind1=" " ind2=" ">
    <subfield code="a">Validado. Control de calidad MFF</subfield>
  </datafield>
  <datafield tag="942" ind1=" " ind2=" ">
    <subfield code="2">ddc</subfield>
    <subfield code="c">LBS1</subfield>
  </datafield>
  <datafield tag="952" ind1=" " ind2=" ">
    <subfield code="0">0</subfield>
    <subfield code="1">0</subfield>
    <subfield code="2">ddc</subfield>
    <subfield code="5">1</subfield>
    <subfield code="7">1</subfield>
    <subfield code="8">PD</subfield>
    <subfield code="a">BNPHU</subfield>
    <subfield code="b">PD</subfield>
    <subfield code="c">HD</subfield>
    <subfield code="d">2011-11-05</subfield>
    <subfield code="l">0</subfield>
    <subfield code="o">BNPHU PD 379.7293 E24e</subfield>
    <subfield code="p">2021-0087</subfield>
    <subfield code="r">2021-01-13</subfield>
    <subfield code="w">2021-01-13</subfield>
    <subfield code="y">LFPD</subfield>
  </datafield>
  <datafield tag="952" ind1=" " ind2=" ">
    <subfield code="0">0</subfield>
    <subfield code="1">0</subfield>
    <subfield code="2">ddc</subfield>
    <subfield code="5">1</subfield>
    <subfield code="7">2</subfield>
    <subfield code="8">PD</subfield>
    <subfield code="a">BNPHU</subfield>
    <subfield code="b">PD</subfield>
    <subfield code="c">HD</subfield>
    <subfield code="d">2000-11-23</subfield>
    <subfield code="e">Donado por Editora B&#xFA;ho</subfield>
    <subfield code="l">0</subfield>
    <subfield code="o">BNPHU PD  379.7293 E24e</subfield>
    <subfield code="p">2021-1689</subfield>
    <subfield code="r">2021-05-10</subfield>
    <subfield code="t">e.2</subfield>
    <subfield code="w">2021-05-10</subfield>
    <subfield code="y">LFPD</subfield>
  </datafield>
  <datafield tag="999" ind1=" " ind2=" ">
    <subfield code="c">49323</subfield>
    <subfield code="d">49323</subfield>
  </datafield>
</record>
